000 00281nam a22001337a 4500
008 170830b xxu||||| |||| 00| 0 eng d
020 _a0871173301
041 _aeng
080 _a070
100 _a40
101 _aMED
245 _aNOONETO WASTE
_cMCCABE.R.H
942 _2udc
_cBK
999 _c25630
_d25630